Choices: Stories You Play - #LoveHacks Dates Quiz - Statistics

General Stats
  • This quiz has been taken 40 times
  • The average score is 3 of 10
Answer Stats
Character % Correct
Ben
96%
Evan
48%
Antoine
37%
Aiden
33%
Brock
33%
Cyrus
22%
Andre
19%
Ray
19%
Seth
19%
Hunter
15%
No matching quizzes found
Score Distribution
Percent of People with Each Score
Percentile by Number Answered
Your Score History
You have not taken this quiz